Menšiny v meste premeny etnických a náboženských identít v 20. storočí

Bibliographic Details
Other Authors: Luther, Daniel, 1950- (Editor), Salner, Peter, 1951- (Editor)
Format: Book
Language:Slovak
Czech
Polish
PhysicalDescription:183 s.
Published: Bratislava Ústav etnológie SAV 2004
ISBN:8088997186 (brož.)
Edition:[1. vyd.]
Subjects:

MARC

LEADER 00000nam a2200000 a 4500
001 vtls008158110
003 SK-MaSNL
005 20260301140931.0
008 050603s2004 xo g 000 0 slo
015 |a SNBA2005/08-02905 
020 |a 8088997186 (brož.) 
040 |a SNK  |b slo  |c SNK  |e AACR2 
041 0 |a slo  |a cze  |a pol 
072 7 |a 316.3  |x Globálne spoločnosti. Sociálna štruktúra. Sociálne skupiny  |2 konspekt 
080 |a 316.347  |2 MDT-MRF 
080 |a 316.356.4  |2 MDT-MRF 
080 |a 323.15  |2 MDT-MRF 
080 |a (048.8)  |2 MDT-MRF 
245 0 0 |a Menšiny v meste  |b premeny etnických a náboženských identít v 20. storočí  |c editori: Daniel Luther a Peter Salner 
250 |a [1. vyd.] 
260 |a Bratislava  |b Ústav etnológie SAV  |c 2004 
300 |a 183 s. 
500 |a Zozn. aut. 
504 |a Bibliogr. s. 168-182 
506 |a 250 výtl. 
648 7 |a 20. storočie  |2 SNK  |9 278343 
650 0 7 |a etnicita  |2 SNKPH  |9 4899 
650 0 7 |a náboženská identita  |2 SNKPH  |9 75753 
650 0 7 |a národnostné menšiny  |2 SNKPH  |9 2669 
650 0 7 |a etnické skupiny  |2 SNKPH  |9 1669 
650 0 7 |a mestá  |2 SNKPH  |9 2929 
655 7 |a monografie  |2 SNKPH  |9 70139 
700 1 |a Luther, Daniel,  |d 1950-  |4 edt  |9 124690 
700 1 |a Salner, Peter,  |d 1951-  |4 edt  |9 100837 
919 |a 80-88997-18-6 
958 |a OND 
968 |d 30/31 
999 |c 765486  |d 767416 
952 |a SNK  |b SNK  |y PREZ  |7 0  |p 17A0472122  |o snkSC 120269  |i snk2005/9522  |8 0  |0 0  |1 0  |4 0  |d 2005-06-03  |l 0  |r 2025-05-29 00:00:00  |w 2026-02-24 
952 |a SNK  |b SNK  |y VYP  |7 0  |p 17A0472121  |o snkSC 120269 D1  |i snk2005/9523  |8 0  |0 0  |1 0  |4 0  |d 2005-06-03  |l 0  |r 2026-02-24 00:17:46  |w 2026-02-24